MDQL
is popping MORE tags! Check the
thread
!
Quizzes
Events
Quiz Creation
Community
Videos
Private Events
Remove Ads
Sign In
Join for FREE
Feedback
Dark Mode
Quiz Categories
Sports
Geography
Music
Movies
Television
Just For Fun
Miscellaneous
History
Literature
Language
Science
Gaming
Entertainment
Religion
Holiday
For Kids
Quiz Lab
Recent
Popular Today
Quiz Kudos Today
Editor Picks
Curator Picks
Quizzes by...
Day
Popularity
Type
Ratings
Length
Year
Community
Subscriptions
Recent Discussions
Orange Saloon
Badges
Playlists
Quests
Create
Leaderboards
Showdown
Live 5
Trivia Bingo
Activity
Puzzle Library
Sporcle Events
Private Events
Virtual Trivia
Globe League
Become a Host
Pub Owners
SporcleCon
Opinionation
Our Games
Videos
Blog
Mobile Apps
Partnerships
Remove Ads and Go Orange
Feedback
Science
Computer
Plants
Astronomy
Chemistry
Elements
Math
Animal
Physics
Anatomy
Biology
Geology
General Science
Science
Computer
Plants
Astronomy
Chemistry
Elements
Math
Animal
Physics
Anatomy
Biology
Geology
General Science
Random Quiz
Search Sporcle
×
Quiz Lab
Quiz Lab
Science
Sex
Type in answers that appear in a list
Type in answers that appear in a list
Classic
Best Score? Go Orange.
Internal Organs Stats
Can you name the Internal Organs?
By
emanuel
5m
23 Questions
2,406 Plays
2,406 Plays
2,406 Plays
Comments
Comments
Give Quiz Kudos
Give Quiz Kudos
-
- Ratings
hide this ad
Random Order
Randomize order of answers
Randomize order of answers
Replay
Link that replays current quiz
Next Quiz
Link to next quiz in quiz playlist
You Got
0%
They Got
Avg Score
57%
Avg Friend Score
Upgrade to see
Score Distribution
Jump to the score distribution portion of the page
Score
0/23
Timer
05:00
0
Plays Today
Organ
% Correct
Heart
93.9%
Liver
89.8%
Lungs
89.7%
Kidneys
86.7%
Brain
86.4%
Stomach
83.6%
Ovaries
79.9%
Pancreas
70.7%
Uterus
67.2%
Bladder
67.1%
Intestines
66.5%
Gall Bladder
66.4%
Organ
% Correct
Testicles
66%
Spleen
59%
Appendix
47.3%
Prostate
45.3%
Eyes
41%
Esophagus
37.7%
Thyroid
27.7%
Pituitary Gland
17.1%
Adrenal Gland
16.7%
Thymus
11.4%
Salivary Glands
5.9%
Quiz Playlist
Details
Report
Send in Message
Add To Playlist
Classic:
Type in answers that appear in a list
Random Order:
Randomize order of answers
Quiz Source
Last Updated: Feb 18, 2017
Quiz Scoreboard
CHALLENGE
Sign Up to Join the Scoreboard
Show All
Scores
Hide
Comments
May contain spoilers
Recently Published
5x2 Blitz: Bands
by SL_Kpop136
Music
30s
Colored Red Africa Blitz
by spor1
Geography
30s
Find the 'City' Movie
by crazypaving
Movies
60s
More to Explore
Quiz From the Vault
Featured Blog Post
14 Easter Pick-up Lines to Find Eggs With
hide this ad
You Might Also Like...
Tags
Internal
Internal Organs
organ
Sex
Today's Top Quizzes in Science
Browse Science
hide this ad
Today's Top Quizzes in Sex
Browse Sex
Top Contributed Quizzes in Science
1
Windmill: Elements
2
Glycolysis
3
Square Numbers Scrambled (1-50)
4
17 TIMES TABLE
5
Elements In Images
6
Astronomy Spelling Bee
7
The First 100 Digits of Pi
8
3-letter Elementary Words
9
'C' Flowers II
10
Multiplication 12-19
Explore More
Trending Topics
Anime
NBA
Disney
Crossword
Harry Potter
Kpop
Marvel
The Office
Pokémon
Soccer
Puzzle
WWE
Song
Country
NFL
hide this ad
More By:
emanuel
Quiz
Plays
Rating
Category
Featured
Created
'Glee' Songs
5,161
3.38
Television
Dec 9, 2009
SVU Characters
4,942
2.00
Television
Oct 5, 2009
Internal Organs
2,406
2.25
Science
Oct 1, 2009
Largest Ice Cream Consumers
2,066
3.89
Geography
Oct 20, 2009
Metro Areas Over 1,000,000 in the US
1,540
3.36
Geography
Dec 6, 2009
Go to Creator's Profile
Score Distribution
Quiz Creator Spotlight
emanuel
Follow
Send a Message
Quizzes Created
-
Created Quiz Play Count
-
More By This Creator
Popular Quizzes Today
1
Colored Red Africa Blitz
2
Find the US States - No Outlines Minefield
3
Find the 'City' Movie
4
5x2 Blitz: Bands
5
The Countries of the World
6
Find the US States
7
US States
8
Find the Countries of Europe - No Outlines Minefield
More Science Quizzes
Concentration Click-a-Pic: Astronomy
Published
Trending Quizzes
Colored Red Europe Blitz I
Colored Red Europe Blitz II
Colored Red Africa Blitz II
Colored Red Europe Blitz III
Colored Red Africa Blitz III
Recently Updated
How Do You Spell That?
pecheneg
Godzilla Movies
pecheneg
Grab Bag: 4-10 Letters
pecheneg
2024 March Madness Bracket
pecheneg
Famous TV Couples
Peacemaker
Champions League XIs: Real Madrid
pecheneg
Largest US Cities 1790-2010
pecheneg
Rides in Walt Disney World
pecheneg
Most Oscar Losses (Acting)
pecheneg
Beyoncé Albums
pecheneg
Trending Topics
Anime
Marvel
Harry Potter
Crossword
NBA
Disney
Kpop
Soccer
Song
Country
Pokémon
The Office
NFL
WWE
Puzzle
Your Account Isn't Verified!
In order to create a playlist on Sporcle, you need to verify the email address you used during registration. Go to your
Sporcle Settings
to finish the process.
Report this User
Report this user for behavior that violates our
Community Guidelines
.
Details:
Send Report
Go to the Sporcle.com Mobile Site →
Comments